000 00513nam a22001697a 4500
999 _c8597
_d8597
008 201208b ||||| |||| 00| 0 eng d
040 _aBMS College of Architecture
100 _aRaker, V Apeksha
245 _aBrundhavan arena
300 _a35p.
500 _a1BM12AT008
502 _8B,Arch
_NBMS College of Architecture, Visvesvaraya Technological University (VTU)
_aProject report
_d2016
650 _aSite Analysis
700 _aSayee Deodhar
_eGuide
700 _aArun Chandhran
_eGuide
942 _2ddc
_cTHE